Case study of an international company diplomová práca

Gespeichert in:
Bibliographische Detailangaben
1. Verfasser: Gráčiková, Petra
Körperschaft: Ekonomická univerzita v Bratislave. Ústav medzinárodných programov
Weitere Verfasser: Ferenčíková, Soňa, 1960-
Format: Buch
Sprache:Englisch
Veröffentlicht: Bratislava 2011
Tags: Tag hinzufügen
Keine Tags, Fügen Sie das erste Tag hinzu!

MARC

LEADER 00000nam a2200000 4500
001 0149763
005 20240318114147.6
041 0 |a eng 
044 |a SK 
245 1 0 |a Case study of an international company  |b diplomová práca  |c Petra Gráčiková ; školiteľ: Soňa Ferenčíková 
264 1 |a Bratislava  |c 2011 
300 |a 84 s. 
100 1 |a Gráčiková, Petra 
700 1 |a Ferenčíková, Soňa, 1960- 
710 2 |a Ekonomická univerzita v Bratislave. Ústav medzinárodných programov